Giáo trình giáo dục học mầm non Dành cho hệ cao đẳng sư phạm mầm non

שמור ב:
מידע ביבליוגרפי
מחבר ראשי: Đinh, Văn Vang
פורמט: ספר
שפה:Undetermined
יצא לאור: H. Giáo dục 2008
נושאים:
גישה מקוונת:http://lrc.tdmu.edu.vn/opac/search/detail.asp?aID=2&ID=4238
תגים: הוספת תג
אין תגיות, היה/י הראשונ/ה לתייג את הרשומה!
Thư viện lưu trữ: Trung tâm Học liệu Trường Đại học Thủ Dầu Một
LEADER 00648nam a2200205Ia 4500
001 TDMU_4238
008 210410s9999 xx 000 0 und d
082 |a 372.218 
090 |b Đ312 
100 |a Đinh, Văn Vang 
245 0 |a Giáo trình giáo dục học mầm non 
245 0 |b Dành cho hệ cao đẳng sư phạm mầm non 
245 0 |c Đinh Văn Vang 
260 |a H. 
260 |b Giáo dục 
260 |c 2008 
300 |a 282tr. 
650 |a Giáo dục mầm non 
856 |u http://lrc.tdmu.edu.vn/opac/search/detail.asp?aID=2&ID=4238 
980 |a Trung tâm Học liệu Trường Đại học Thủ Dầu Một